000 00851nam a2200229 u 4500
005 20220907142139.0
008 150820s2013 ag r 000 0 spa d
020 _a9789508087263
035 _aUPN01000205332
049 _aCG
050 4 _aLB1140.2
_bP5.6
100 1 _aPitluk, Laura
_937744
245 1 4 _aLas prácticas actuales en la educación inicial /
_cLaura Pitluk.
260 _aBuenos Aires :
_bHomo Sapiens,
_c2013.
300 _a286 p. :
_bil.
440 0 _aEducación inicial
500 _aEn la portada dice: "Sentidos y sinsentidos. Posibles líneas de acción. La autoridad, las sanciones y los límites. El trabajo sobre lo grupal. La especificidad del trabajo en las salas"
650 4 _aEDUCACION PREESCOLAR -
_xINNOVACIONES
_915664
650 7 _aMaestros de jardín de niños
_2
_99852
905 _aLibro
999 _c177433
_d177433